000 00843cam a22002411 4500
001 e 27000068
003 DLC
005 20260227111217.0
008 840905s1925 nyua 000 0 eng c
010 _ae 27000068
035 _a(OCoLC)11119377
040 _aLibrary, U.S. Bur. of Education
_cDNIE
_dDLC
042 _apremarc
043 _an-us-ny
050 0 0 _aLB1717.N7
_bW6
100 1 _aWiley, George M.
_q(George Martin),
_d1875-
245 1 4 _aThe teaching personnel in village and rural schools, 1923-24,
_cby George M. Wiley ...
260 _aAlbany,
_bThe University of the state of New York press,
_c1925.
300 _a24 p.
_btables, diagrs.
_c23 cm.
490 0 _aUniversity of the state of New York bulletin ...
_vno. 823. March 1, 1925
650 0 _aTeachers
_zNew York (State)
650 0 _aRural schools
_zNew York (State)
999 _c20862
_d20862